Long term pavement performance analysis for recycled asphalt pavement : (Record no. 25259)
[ view plain ]
| 000 -LEADER | |
|---|---|
| fixed length control field | 00814ntm a22002177a 4500 |
| 005 - DATE AND TIME OF LATEST TRANSACTION | |
| control field | 20170809104621.0 |
| 008 - FIXED-LENGTH DATA ELEMENTS--GENERAL INFORMATION | |
| fixed length control field | 170802s2015 xx a frb 000 0 eng d |
| 040 ## - CATALOGING SOURCE | |
| Original cataloging agency | EG-ScBUE |
| Language of cataloging | eng |
| Transcribing agency | EG-ScBUE |
| 082 04 - DEWEY DECIMAL CLASSIFICATION NUMBER | |
| Edition number | 22 |
| Classification number | 624 |
| Item number | MOB |
| 100 1# - MAIN ENTRY--PERSONAL NAME | |
| Personal name | Mobasher, Dalia. |
| 245 10 - TITLE STATEMENT | |
| Title | Long term pavement performance analysis for recycled asphalt pavement : |
| Remainder of title | Interim report / |
| Statement of responsibility, etc | Dalia Mobasher. |
| 260 ## - PUBLICATION, DISTRIBUTION, ETC. (IMPRINT) | |
| Date of publication, distribution, etc | 2015. |
| 300 ## - PHYSICAL DESCRIPTION | |
| Extent | ix, 97 p. : |
| Other physical details | ill. (col.) ; |
| Dimensions | 28 cm. |
| 500 ## - GENERAL NOTE | |
| General note | A dissertation submitted to The Faculty Of Engineering, The British University In Egypt, in partial fulfillment of the requirements for the bachelor degree in civil engineering. |
| 590 ## - LOCAL NOTE (RLIN) | |
| Local note | Nour |
| 650 #7 - SUBJECT ADDED ENTRY--TOPICAL TERM | |
| Source of heading or term | BUEsh |
| Topical term or geographic name as entry element | Civil engineering |
| Form subdivision | Projects |
| 653 ## - INDEX TERM--UNCONTROLLED | |
| Resource For college | Engineering, Civil |
| Arrived date list | August2017 |
| 655 ## - INDEX TERM--GENRE/FORM | |
| Form subdivision | |
| 700 1# - ADDED ENTRY--PERSONAL NAME | |
| Personal name | Kandil, Khaled. |
| Relator term | ths |
| 942 ## - ADDED ENTRY ELEMENTS (KOHA) | |
| Source of classification or shelving scheme | Dewey Decimal Classification |
| Withdrawn status | Lost status | Source of classification or shelving scheme | Damaged status | Not for loan | Home library | Current library | Shelving location | Date acquired | Total Checkouts | Full call number | Barcode | Date last seen | Koha item type |
|---|---|---|---|---|---|---|---|---|---|---|---|---|---|
| Dewey Decimal Classification | Central Library | Central Library | Second Floor | 08/08/2017 | 624 MOB | 000046662 | 15/07/2025 | Projects - Students (NB) |